Famous TV Programme Deaths - Statistics

General Stats
  • This quiz has been taken 331 times
  • The average score is 4 of 15
Answer Stats
Hint Answer % Correct
Dies in almost every episode South Park/Kenny
77%
Man dies within his lab from a gunshot wound Breaking Bad/Walter White
47%
Is killed in her bath with her child watching Dexter/Rita Morgan
44%
Killed with arrows and stabbed on a wedding day Game Of Thrones/Rob Stark
43%
Sacrifices himself by locking himself in a room that is filling up with water Lost/Charlie Pace
43%
Was not mentioned how he died, my guess to much singing (hint hint) Glee/Finn Hudson
31%
Is seriously disfigured after being hit by a bus on the way to join the army Greys Anatomy/George O'Malley
28%
Was hit by a train in Paris, was never shown on TV Two And A Half Men/Charlie Harper
23%
A man hangs himself in his own office on the back of the door Mad Men/Lane Pryce
20%
Dies during a botched C-section with no drugs or doctors Walking Dead/Lori Grimes
19%
Is found in his apartment where he had shot himself with no clue as to why House/Lawrence Kutner
16%
Stands on top of a building waiting for the sun to rise True Blood/Godrick
15%
Jumps off a huge hand made tower into a dimensional portal Buffy The Vampire Slayer/Buffy Summers
11%
Is beaten to death with a baseball bat by a psychotic psychiatrist Skins/Freddie McClair
7%
She was suffocated to death getting ice on a cruise ship and then thrown overboard Pushing Daisies/Chuck
5%
No matching quizzes found
Score Distribution
Percent of People with Each Score
Percentile by Number Answered
Your Score History
You have not taken this quiz